| 000 | 01064cam a22002895a 4500 | ||
|---|---|---|---|
| 001 | 17943572 | ||
| 005 | 20151103184059.0 | ||
| 008 | 131115s2014 nyua frb 001 0 eng d | ||
| 020 | _a9780521279659 (paperback) | ||
| 040 |
_aDLC _beng _cDLC _dDLC _dEG-ScBUE _dEG-ScBUE |
||
| 082 | 0 | 4 |
_a333.7 _bAND _222 |
| 100 | 1 |
_aAnderson, Terry L. _q(Terry Lee), _d1946- _938660 |
|
| 245 | 1 | 0 |
_aEnvironmental markets : _ba property rights approach / _cTerry L. Anderson, Gary D. Libecap. |
| 260 |
_aNew York : _bCambridge University Press, _c2014. |
||
| 300 |
_axv, 227 p. : _bill. ; _c23 cm. |
||
| 490 | 0 | _aCambridge studies in economics, cognition, and society | |
| 500 | _aIndex : p. 217-227. | ||
| 504 | _aIncludes bibliographical references. | ||
| 650 | 0 |
_aEnvironmental economics. _2BUEsh |
|
| 650 | 0 |
_aEnvironmental quality. _2BUEsh |
|
| 650 | 0 |
_aRight of property _xEnvironmental aspects. _2BUEsh |
|
| 650 | 0 |
_aEnvironmentalism _xEconomic aspects. _2BUEsh |
|
| 651 | _2BUEsh | ||
| 653 |
_bCOMAME _cJune2015 _cNovember2015 |
||
| 700 | 1 | _aLibecap, Gary D. | |
| 942 | _2ddc | ||
| 999 |
_c19867 _d19839 |
||